000
00326nam a22001457a 4500
999
_c
54924
_d
54924
008
190925b ||||| |||| 00| 0 eng d
020
_a
9780071790277
041
_a
eng
080
_a
615.03
082
_2
615.03
100
_a
3
101
_a
SH.M.
245
_a
Choosing A Medical Specialty
_c
Freeman.B.S
942
_2
udc
_c
BK